| 000 | 00627pam a2200229 a 4500 | ||
|---|---|---|---|
| 001 | 3825877 | ||
| 005 | 20250127051038.0 | ||
| 008 | 861007s1987 nyu b 001 0 eng | ||
| 020 | _a0060961716 | ||
| 040 |
_aDLC _cDLC _dDLC |
||
| 082 | 0 | 0 |
_a304.6 _26889 _bHAR |
| 100 | 1 | _aHartmann, B | |
| 245 | 1 | 0 |
_aReproductive Rights and Wrongs: _bThe Global Politics of Population Control & Contraceptive Choice |
| 260 |
_aNew York : _bHarper & Row, _c1987 |
||
| 300 | _axv, 368 p., | ||
| 650 | 0 | _aReproductive rights. | |
| 650 | 0 | _aWomen | |
| 650 | 0 | _aContraceptive | |
| 650 | 0 | _aBirth Control | |
| 650 | 0 | _aPopulation | |
| 942 | _cL | ||
| 999 |
_c5961 _d5961 |
||